<?xml version="1.0" encoding="UTF-8"?>
<marc:record xmlns:marc="http://www.loc.gov/MARC21/slim">
   <marc:leader>00000nam a2200000 a 4500</marc:leader>
   <marc:datafield ind1=" " ind2=" " tag="653">
      <marc:subfield code="a">MINT</marc:subfield>
   </marc:datafield>
   <marc:datafield ind1=" " ind2=" " tag="653">
      <marc:subfield code="a">Forschen</marc:subfield>
   </marc:datafield>
   <marc:datafield ind1=" " ind2=" " tag="653">
      <marc:subfield code="a">Technologie</marc:subfield>
   </marc:datafield>
   <marc:datafield ind1=" " ind2=" " tag="653">
      <marc:subfield code="a">Mathematik</marc:subfield>
   </marc:datafield>
   <marc:datafield ind1=" " ind2=" " tag="653">
      <marc:subfield code="a">Bauen</marc:subfield>
   </marc:datafield>
   <marc:datafield ind1="0" ind2="0" tag="245">
      <marc:subfield code="a">Geomag Education : ScienceLab klein</marc:subfield>
   </marc:datafield>
   <marc:datafield ind1=" " ind2="1" tag="264">
      <marc:subfield code="a">Novazzano</marc:subfield>
      <marc:subfield code="b">Geomagworld SA</marc:subfield>
   </marc:datafield>
   <marc:datafield ind1="1" ind2=" " tag="490">
      <marc:subfield code="a">Geomag Education</marc:subfield>
   </marc:datafield>
   <marc:datafield ind1="1" ind2=" " tag="520">
      <marc:subfield code="a">Im Set Science LAB klein recycelt werden die Schüler in das grundlegende Konzept der magnetischen Polarität eingeführt. Diese können die Polaritäten anpassen, um kontrollierte magnetische Reaktionen und Antriebsbewegung zu erzeugen, bevor schrittweise anspruchsvollere Aufgaben gelöst werden. Naturwissenschaft, Technik, Konstruktion und Mathematik (STEM) sind in dieses stimulierende und wirklich innovative Set eingeflossen, welches progressive Kartensets sowie praktische Vorführungen und Aufgaben beinhaltet. Jedes Set ist für 4 Schüler konzipiert. Geeignet für Sekundarschulen</marc:subfield>
   </marc:datafield>
   <marc:datafield ind1=" " ind2=" " tag="041">
      <marc:subfield code="a">ger</marc:subfield>
   </marc:datafield>
   <marc:datafield ind1="1" ind2=" " tag="521">
      <marc:subfield code="a">ab 10 Jahren</marc:subfield>
   </marc:datafield>
   <marc:datafield ind1=" " ind2=" " tag="338">
      <marc:subfield code="a">Gegenstand</marc:subfield>
   </marc:datafield>
   <marc:datafield ind1=" " ind2=" " tag="300">
      <marc:subfield code="a">1 Spiel (64 Stäbe, 56 Kugeln, 52 hellgrüne Teile, 23 hellgraue Teile, 9 weiße Röhren, 42 Baukarten, 2 Stoffsäcke)</marc:subfield>
   </marc:datafield>
</marc:record>
